[Event "Balkan Youth Online-ch 2020"]
[Site "Online"]
[Date "2020.10.31"]
[Round "2.53"]
[White "Vogli, Erjon"]
[Black "Akdag, Omer Amir"]
[Result "0-1"]
[WhiteElo "1512"]
[BlackElo "1970"]
[Annotator "TA"]
[PlyCount "68"]
[EventDate "2020.10.31"]
[EventType "swiss"]
[SourceTitle "playchess.com"]
[Source "ChessBase"]
[SourceQuality "1"]

{[%evp 13,68,-14,-12,-16,-9,-14,-15,-14,-10,-26,-16,-114,-12,-111,-16,-27,0,0,0,0,0,-39,-48,-125,156,-14,-31,-118,-104,-140,-147,-202,-32,-22,-26,-20,-25,-65,-83,-68,-77,-142,-134,-183,-183,-200,-202,-199,-177,-164,-172,-306,-289,-306,-210,-29988,-29989]} 1. e4 c5 2. Nf3 Nc6 3. c3 Nf6 4. e5 Nd5 5. d4 cxd4 6. cxd4 d6 7. exd6 {7.Nc3 is setting a new trend.} Qxd6 8. Bc4 {B22: Sicilian: 2 c3.} Bg4 9. O-O e6 10. Nc3 {The position is equal.} Be7 11. Be3 O-O 12. h3 (12. Bxd5 $11 {remains equal.} exd5 13. Re1) 12... Bh5 (12... Bxf3 $1 $17 13. Qxf3 Nxe3 14. Qxe3 Qxd4 15. Qxd4 Nxd4) 13. a3 {[#]} (13. Bxd5 $11 {keeps the balance.} exd5 14. g4) 13... Nb6 $146 (13... Bxf3 $1 $17 14. Qxf3 Nxe3 15. Qxe3 Qxd4 16. Qxd4 Nxd4) ({Predecessor:} 13... Rfd8 14. Nxd5 exd5 15. Be2 Bf6 16. Qd2 Re8 17. Rfe1 Re4 18. Ng5 Bxg5 19. Bxh5 Rxd4 {0-1 (29) Spindler,M (2125)-Rogozenco,D (2530) Bad Zwesten 1997}) 14. Ba2 $11 Rfd8 15. g4 Bg6 16. Qe2 Rac8 17. Kg2 h6 18. h4 ({Better is} 18. Rfe1 $15) 18... e5 $2 {[%mdl 8192] [#]} (18... Nd5 $17 {stays on course. ...Nf4+ is the strong threat.} 19. Kg1 Nxe3 20. fxe3 Qg3+ 21. Qg2 Bxh4 22. Qxg3 Bxg3) 19. d5 $2 (19. dxe5 $1 $16 Qd3 20. Qxd3 Bxd3 21. Rfd1) 19... Qd7 20. dxc6 (20. Kh3 $15 h5 21. dxc6 hxg4+ 22. Kg3 gxf3 23. cxd7 fxe2 24. dxc8=N exf1=N+ 25. Rxf1 Rxc8 26. Rc1) 20... Qxg4+ $17 21. Kh1 Bd3 22. Bxf7+ (22. Nh2 $17 Qxe2 23. Nxe2 Bxe2 24. cxb7) 22... Kh8 $2 (22... Kf8 $19 23. Nh2 Qxe2 24. Nxe2 Kxf7 25. Bxb6 axb6) 23. Nh2 $15 Bxe2 $40 {[%mdl 128] Black is up to no good.} 24. Nxg4 Bxg4 25. cxb7 Bf3+ {[%mdl 64] Double Attack} 26. Kh2 Bxb7 27. Bxb6 ({White should try} 27. Rad1) 27... axb6 $17 28. Rad1 Bxh4 29. Be6 Rxd1 30. Rxd1 Re8 31. Rd6 Bxf2 32. Na4 (32. b4 $142) 32... e4 $19 {White must now prevent ...e3.} 33. Bg4 e3 34. Be2 $2 (34. Nc3 $19) 34... Re4 {Av CentiPawn Loss W=-75/B=-28. Weighted=-72/-43} 0-1

[Event "Balkan Youth Online-ch 2020"]
[Site "Online"]
[Date "2020.10.31"]
[Round "2.55"]
[White "Levstik Taja"]
[Black "Siskou, Evangelia"]
[Result "0-1"]
[WhiteElo "1342"]
[BlackElo "1339"]
[Annotator "NA RC"]
[PlyCount "58"]
[EventDate "2020.10.31"]
[EventType "swiss"]
[SourceTitle "playchess.com"]
[Source "ChessBase"]
[SourceQuality "1"]
[TimeControl "5400+30"]

1. e4 {[%emt 1:05:20]} e5 {[%emt 1:05:24]} 2. Nf3 {[%emt 0:00:23]} Nc6 {[%emt 0:00:25]} 3. Bc4 {[%emt 0:00:24]} Nf6 {[%emt 0:00:25]} 4. d4 {[%emt 0:00:23]} exd4 {[%emt 0:02:26]} 5. O-O {[%emt 0:00:24]} Bc5 {[%emt 0:00:32]} 6. Re1 {[%emt 0:00:47]} O-O {[%emt 0:00:55]} 7. c3 {[%emt 0:00:29]} dxc3 {[%emt 0:00:28]} 8. Nxc3 {[%emt 0:00:25]} d6 {[%emt 0:01:36]} 9. Bf4 {[%emt 0:00:39]} Re8 {[%emt 0:01:55]} 10. Qc2 {[%emt 0:00:33]} Ng4 {[%emt 0:02:02]} 11. Rf1 {[%emt 0:01:36]} a6 {[%emt 0:03:04]} 12. Ng5 {[%emt 0:01:05]} Be6 {[%emt 0:01:45]} 13. Bxe6 {[%emt 0:00:54]} fxe6 {[%emt 0:00:28]} 14. e5 {[%emt 0:00:35]} g6 {[%emt 0:01:00]} 15. Qd3 {[%emt 0:00:50]} dxe5 {[%emt 0:01:01]} 16. Qh3 {[%emt 0:01:01]} Nf6 {[%emt 0:01:38]} 17. Nce4 {[%emt 0:00:38]} Nh5 {[%emt 0:01:54]} 18. g4 {[%emt 0:01:03]} exf4 {[%emt 0:00:30]} 19. gxh5 {[%emt 0:00:31]} Ne5 {[%emt 0:06:49]} 20. hxg6 {[%emt 0:01:22]} Qe7 {[%emt 0:00:58]} 21. Nf6+ {[%emt 0:01:30]} Qxf6 {[%emt 0:01:21]} 22. Qxh7+ {[%emt 0:00:26]} Kf8 {[%emt 0:00:23]} 23. Nxe6+ {[%emt 0:00:40]} Rxe6 {[%emt 0:00:48]} 24. g7+ {[%emt 0:00:41]} Qxg7+ {[%emt 0:00:27]} 25. Kh1 {[%emt 0:00:27]} Qxh7 {[%emt 0:00:36]} 26. Rg1 {[%emt 0:00:29]} Qe4+ {[%emt 0:00:23]} 27. Rg2 {[%emt 0:00:25]} Rg6 {[%emt 0:00:31]} 28. Rag1 {[%emt 0:00:30]} Nd3 {[%emt 0:00:33]} 29. b3 {[%emt 0:00:28]} Nxf2# {[%emt 0:00:22]} 0-1

[Event "Balkan Youth Online-ch 2020"]
[Site "Online"]
[Date "2020.10.31"]
[Round "2.58"]
[White "Yurt, Nehir"]
[Black "Kontogianni, Vasiliki"]
[Result "1-0"]
[WhiteElo "1230"]
[BlackElo "1144"]
[Annotator "NA RC"]
[PlyCount "93"]
[EventDate "2020.10.31"]
[EventType "swiss"]
[SourceTitle "playchess.com"]
[Source "ChessBase"]
[SourceQuality "1"]
[TimeControl "5400+30"]

1. e4 {[%emt 1:05:20]} c5 {[%emt 1:05:25]} 2. Nf3 {[%emt 0:00:24]} d6 {[%emt 0:00:31]} 3. c3 {[%emt 0:00:31]} Nf6 {[%emt 0:00:25]} 4. Be2 {[%emt 0:00:34]} Nc6 {[%emt 0:00:29]} 5. d4 {[%emt 0:00:29]} cxd4 {[%emt 0:00:24]} 6. cxd4 {[%emt 0:00:23]} e6 {[%emt 0:00:24]} 7. Nc3 {[%emt 0:01:16]} Be7 {[%emt 0:00:33]} 8. Be3 {[%emt 0:01:01]} O-O {[%emt 0:00:55]} 9. Qd2 {[%emt 0:00:49]} b6 {[%emt 0:00:52]} 10. a3 {[%emt 0:00:48]} Na5 {[%emt 0:00:30]} 11. Qc2 {[%emt 0:00:50]} Bb7 {[%emt 0:00:29]} 12. b4 {[%emt 0:00:42]} Nc6 {[%emt 0:00:24]} 13. Qd2 {[%emt 0:00:52]} Rc8 {[%emt 0:00:25]} 14. O-O {[%emt 0:00:37]} Qd7 {[%emt 0:00:35]} 15. Rac1 {[%emt 0:01:08]} a6 {[%emt 0:00:29]} 16. Rfd1 {[%emt 0:00:46]} b5 {[%emt 0:00:24]} 17. Bd3 {[%emt 0:01:24]} h5 {[%emt 0:01:07]} 18. h3 {[%emt 0:01:02]} Rfd8 {[%emt 0:01:19]} 19. e5 {[%emt 0:02:58]} dxe5 {[%emt 0:00:34]} 20. dxe5 {[%emt 0:00:54]} Nd5 {[%emt 0:00:49]} 21. Nxd5 {[%emt 0:01:08]} Qxd5 {[%emt 0:00:29]} 22. Bh7+ {[%emt 0:02:59]} Kxh7 {[%emt 0:00:34]} 23. Qc2+ {[%emt 0:00:33]} Kg8 {[%emt 0:00:33]} 24. Rxd5 {[%emt 0:00:26]} Rxd5 {[%emt 0:00:23]} 25. Qe2 {[%emt 0:01:16]} Rcd8 {[%emt 0:01:01]} 26. Kh2 {[%emt 0:03:15]} Rd3 {[%emt 0:01:30]} 27. Qb2 {[%emt 0:01:30]} R3d5 {[%emt 0:00:49]} 28. Bc5 {[%emt 0:01:14]} Bxc5 {[%emt 0:00:39]} 29. Rxc5 {[%emt 0:00:28]} Rd3 {[%emt 0:00:49]} 30. Qc2 {[%emt 0:02:15]} Rxa3 {[%emt 0:01:21]} 31. Rxc6 {[%emt 0:00:41]} Bxc6 {[%emt 0:00:56]} 32. Qxc6 {[%emt 0:00:30]} Ra1 {[%emt 0:01:00]} 33. Qe4 {[%emt 0:01:16]} Ra4 {[%emt 0:00:51]} 34. Ng5 {[%emt 0:00:36]} g6 {[%emt 0:00:25]} 35. Qf4 {[%emt 0:00:58]} Rf8 {[%emt 0:00:27]} 36. Ne4 {[%emt 0:01:03]} Kg7 {[%emt 0:00:29]} 37. Qf6+ {[%emt 0:00:32]} Kh6 {[%emt 0:00:27]} 38. Qg5+ {[%emt 0:00:29]} Kg7 {[%emt 0:00:24]} 39. g4 {[%emt 0:00:30]} hxg4 {[%emt 0:00:24]} 40. Qxg4 {[%emt 0:00:33]} Rxb4 {[%emt 0:00:36]} 41. Qh4 {[%emt 0:00:34]} Rh8 {[%emt 0:00:40]} 42. Qf6+ {[%emt 0:00:38]} Kg8 {[%emt 0:00:33]} 43. Ng5 {[%emt 0:00:47]} Rh7 {[%emt 0:00:24]} 44. Nxh7 {[%emt 0:00:23]} Kxh7 {[%emt 0:00:24]} 45. Qxf7+ {[%emt 0:00:22]} Kh6 {[%emt 0:00:21]} 46. Qf8+ {[%emt 0:00:24]} Kg5 {[%emt 0:00:24]} 47. Qxb4 {[%emt 0:00:23]} 1-0

[Event "Balkan Youth Online-ch 2020"]
[Site "Online"]
[Date "2020.10.31"]
[Round "2.59"]
[White "Caku, Kler"]
[Black "Timagina, Sofia"]
[Result "1-0"]
[WhiteElo "1199"]
[BlackElo "1127"]
[Annotator "NA RC"]
[PlyCount "117"]
[EventDate "2020.10.31"]
[EventType "swiss"]
[SourceTitle "playchess.com"]
[Source "ChessBase"]
[SourceQuality "1"]
[TimeControl "5400+30"]

1. e4 {[%emt 1:05:20]} e5 {[%emt 1:05:24]} 2. Nf3 {[%emt 0:00:24]} Nc6 {[%emt 0:00:24]} 3. d4 {[%emt 0:00:22]} exd4 {[%emt 0:00:23]} 4. Nxd4 {[%emt 0:00:22]} Bb4+ {[%emt 0:00:25]} 5. c3 {[%emt 0:00:23]} Bc5 {[%emt 0:00:25]} 6. Be3 {[%emt 0:00:24]} Bb6 {[%emt 0:00:23]} 7. Be2 {[%emt 0:00:22]} Nf6 {[%emt 0:00:44]} 8. Nd2 {[%emt 0:00:29]} O-O {[%emt 0:00:33]} 9. O-O {[%emt 0:00:23]} Re8 {[%emt 0:00:26]} 10. Qc2 {[%emt 0:00:25]} Qe7 {[%emt 0:03:39]} 11. Nxc6 {[%emt 0:01:21]} dxc6 {[%emt 0:00:35]} 12. Bxb6 {[%emt 0:00:36]} axb6 {[%emt 0:00:27]} 13. Bd3 {[%emt 0:00:33]} Bg4 {[%emt 0:00:53]} 14. Rfe1 {[%emt 0:01:27]} Rad8 {[%emt 0:02:37]} 15. e5 {[%emt 0:01:58]} Nd7 {[%emt 0:09:38]} 16. Bxh7+ {[%emt 0:01:44]} Kh8 {[%emt 0:00:35]} 17. Bd3 {[%emt 0:00:50]} Nxe5 {[%emt 0:00:57]} 18. h3 {[%emt 0:03:04]} Rxd3 {[%emt 0:03:12]} 19. hxg4 {[%emt 0:01:46]} Qg5 {[%emt 0:02:08]} 20. Rxe5 {[%emt 0:02:21]} Rxe5 {[%emt 0:05:20]} 21. Qxd3 {[%emt 0:00:25]} Rd5 {[%emt 0:00:32]} 22. Nf3 {[%emt 0:01:26]} Qxg4 {[%emt 0:00:46]} 23. Qe3 {[%emt 0:01:02]} Kh7 {[%emt 0:00:34]} 24. Re1 {[%emt 0:00:38]} f6 {[%emt 0:00:42]} 25. Qe4+ {[%emt 0:00:25]} Qxe4 {[%emt 0:00:33]} 26. Rxe4 {[%emt 0:00:22]} b5 {[%emt 0:00:23]} 27. Re7 {[%emt 0:00:24]} Rd1+ {[%emt 0:00:23]} 28. Kh2 {[%emt 0:00:23]} b6 {[%emt 0:00:25]} 29. Rxc7 {[%emt 0:00:23]} Rb1 {[%emt 0:00:22]} 30. Rxc6 {[%emt 0:00:22]} Rxb2 {[%emt 0:00:22]} 31. Rxb6 {[%emt 0:00:22]} Rxa2 {[%emt 0:00:23]} 32. Rxb5 {[%emt 0:00:21]} Rc2 {[%emt 0:00:23]} 33. Rc5 {[%emt 0:00:23]} Rxf2 {[%emt 0:00:24]} 34. Kg3 {[%emt 0:00:25]} Rc2 {[%emt 0:00:21]} 35. c4 {[%emt 0:00:23]} Kg8 {[%emt 0:00:24]} 36. Rc7 {[%emt 0:00:24]} Rc3 {[%emt 0:00:25]} 37. Kf4 {[%emt 0:00:27]} Kf8 {[%emt 0:00:25]} 38. Kf5 {[%emt 0:00:32]} Ke8 {[%emt 0:00:25]} 39. Kg6 {[%emt 0:00:50]} Kd8 {[%emt 0:00:25]} 40. Rc5 {[%emt 0:00:26]} Kd7 {[%emt 0:00:24]} 41. Kxg7 {[%emt 0:01:01]} Kd6 {[%emt 0:00:25]} 42. Rd5+ {[%emt 0:00:28]} Ke6 {[%emt 0:00:24]} 43. Nd4+ {[%emt 0:00:58]} Ke7 {[%emt 0:01:06]} 44. Nf5+ {[%emt 0:00:45]} Ke6 {[%emt 0:00:33]} 45. Rc5 {[%emt 0:00:49]} Rc2 {[%emt 0:00:45]} 46. Nd4+ {[%emt 0:00:30]} Kd6 {[%emt 0:00:58]} 47. Rd5+ {[%emt 0:00:24]} Ke7 {[%emt 0:00:30]} 48. Nxc2 {[%emt 0:00:26]} Ke6 {[%emt 0:00:23]} 49. Rd1 {[%emt 0:00:25]} f5 {[%emt 0:00:25]} 50. c5 {[%emt 0:00:23]} f4 {[%emt 0:00:25]} 51. c6 {[%emt 0:00:23]} Ke7 {[%emt 0:00:23]} 52. c7 {[%emt 0:00:26]} f3 {[%emt 0:00:27]} 53. gxf3 {[%emt 0:00:25]} Ke6 {[%emt 0:00:34]} 54. c8=Q+ {[%emt 0:00:23]} Ke5 {[%emt 0:00:23]} 55. Qe8+ {[%emt 0:00:23]} Kf4 {[%emt 0:00:27]} 56. Rd4+ {[%emt 0:00:28]} Kxf3 {[%emt 0:00:25]} 57. Qe3+ {[%emt 0:00:23]} Kg2 {[%emt 0:00:23]} 58. Rd2+ {[%emt 0:00:22]} Kf1 {[%emt 0:00:23]} 59. Qe1# {[%emt 0:00:22]} 1-0

[Event "Balkan Youth Online-ch 2020"]
[Site "Online"]
[Date "2020.10.31"]
[Round "2.60"]
[White "Aldea, Maria-Antonia"]
[Black "Beber, Anja"]
[Result "0-1"]
[WhiteElo "1181"]
[BlackElo "1285"]
[Annotator "NA RC"]
[PlyCount "108"]
[EventDate "2020.10.31"]
[EventType "swiss"]
[SourceTitle "playchess.com"]
[Source "ChessBase"]
[SourceQuality "1"]
[TimeControl "5400+30"]

1. d4 {[%emt 1:05:20]} Nf6 {[%emt 1:05:25]} 2. Nf3 {[%emt 0:00:23]} e6 {[%emt 0:00:24]} 3. g3 {[%emt 0:00:23]} c5 {[%emt 0:00:26]} 4. c4 {[%emt 0:01:18]} Be7 {[%emt 0:02:05]} 5. Bg2 {[%emt 0:00:26]} O-O {[%emt 0:00:36]} 6. O-O {[%emt 0:00:23]} Qa5 {[%emt 0:01:24]} 7. b3 {[%emt 0:01:45]} d6 {[%emt 0:04:35]} 8. Bb2 {[%emt 0:00:35]} Nbd7 {[%emt 0:00:46]} 9. Nc3 {[%emt 0:01:26]} a6 {[%emt 0:00:59]} 10. Qc2 {[%emt 0:04:35]} Qb6 {[%emt 0:00:54]} 11. Rad1 {[%emt 0:01:16]} cxd4 {[%emt 0:01:51]} 12. Nxd4 {[%emt 0:00:46]} Nc5 {[%emt 0:00:51]} 13. Ba3 {[%emt 0:03:52]} Qc7 {[%emt 0:01:40]} 14. Rfe1 {[%emt 0:01:21]} Rb8 {[%emt 0:01:39]} 15. Bb2 {[%emt 0:01:35]} b6 {[%emt 0:00:40]} 16. Nf3 {[%emt 0:01:19]} Bb7 {[%emt 0:00:50]} 17. Nd2 {[%emt 0:01:44]} Bxg2 {[%emt 0:00:36]} 18. Kxg2 {[%emt 0:00:23]} Qc6+ {[%emt 0:00:23]} 19. Nf3 {[%emt 0:00:32]} Rfd8 {[%emt 0:01:07]} 20. e4 {[%emt 0:01:32]} Rbc8 {[%emt 0:02:45]} 21. Qb1 {[%emt 0:02:18]} Qb7 {[%emt 0:01:51]} 22. h3 {[%emt 0:02:24]} b5 {[%emt 0:00:51]} 23. cxb5 {[%emt 0:00:46]} axb5 {[%emt 0:00:24]} 24. e5 {[%emt 0:01:04]} dxe5 {[%emt 0:00:31]} 25. Rxe5 {[%emt 0:00:24]} b4 {[%emt 0:01:34]} 26. Rxd8+ {[%emt 0:01:40]} Rxd8 {[%emt 0:00:27]} 27. Nd1 {[%emt 0:00:50]} Nce4 {[%emt 0:00:39]} 28. Qc2 {[%emt 0:02:05]} Bd6 {[%emt 0:00:56]} 29. Ra5 {[%emt 0:00:26]} Bc7 {[%emt 0:00:25]} 30. Ra4 {[%emt 0:00:28]} h6 {[%emt 0:01:08]} 31. a3 {[%emt 0:00:40]} Ng5 {[%emt 0:00:37]} 32. Qe2 {[%emt 0:00:30]} Qxf3+ {[%emt 0:00:40]} 33. Qxf3 {[%emt 0:00:30]} Nxf3 {[%emt 0:00:22]} 34. Kxf3 {[%emt 0:00:22]} Rxd1 {[%emt 0:00:23]} 35. Rxb4 {[%emt 0:00:35]} Bd6 {[%emt 0:00:39]} 36. Ra4 {[%emt 0:00:30]} Rd3+ {[%emt 0:00:26]} 37. Kg2 {[%emt 0:00:24]} Rxb3 {[%emt 0:00:22]} 38. Bxf6 {[%emt 0:00:28]} gxf6 {[%emt 0:00:25]} 39. Ra8+ {[%emt 0:00:23]} Kg7 {[%emt 0:00:22]} 40. a4 {[%emt 0:00:22]} Ra3 {[%emt 0:00:30]} 41. a5 {[%emt 0:00:24]} Bb4 {[%emt 0:00:27]} 42. a6 {[%emt 0:00:21]} Bc5 {[%emt 0:00:27]} 43. Rc8 {[%emt 0:00:39]} Ba7 {[%emt 0:00:34]} 44. Rc6 {[%emt 0:00:24]} Ra2 {[%emt 0:00:25]} 45. h4 {[%emt 0:00:49]} Rxf2+ {[%emt 0:00:26]} 46. Kh3 {[%emt 0:00:22]} Ra2 {[%emt 0:00:27]} 47. Rd6 {[%emt 0:00:26]} Ra3 {[%emt 0:00:28]} 48. Rc6 {[%emt 0:00:22]} f5 {[%emt 0:00:23]} 49. Rd6 {[%emt 0:00:36]} Bb8 {[%emt 0:00:24]} 50. Rb6 {[%emt 0:00:23]} Bxg3 {[%emt 0:00:30]} 51. Kg2 {[%emt 0:00:24]} Bxh4 {[%emt 0:00:35]} 52. Rc6 {[%emt 0:00:36]} f4 {[%emt 0:00:23]} 53. Rd6 {[%emt 0:00:50]} f3+ {[%emt 0:00:29]} 54. Kf1 {[%emt 0:00:25]} f2 {[%emt 0:00:27]} 0-1

[Event "Balkan Youth Online-ch 2020"]
[Site "Online"]
[Date "2020.10.31"]
[Round "2.63"]
[White "Gkoutzouki, Aikaterini Argyro"]
[Black "Stankovic, Andrea"]
[Result "1-0"]
[WhiteElo "1380"]
[BlackElo "1534"]
[Annotator "NA RC"]
[PlyCount "61"]
[EventDate "2020.10.31"]
[EventType "swiss"]
[SourceTitle "playchess.com"]
[Source "ChessBase"]
[SourceQuality "1"]
[TimeControl "5400+30"]

1. d4 {[%emt 1:05:20]} e6 {[%emt 1:05:24]} 2. Nf3 {[%emt 0:00:29]} d5 {[%emt 0:00:29]} 3. g3 {[%emt 0:00:24]} c5 {[%emt 0:00:26]} 4. Bg2 {[%emt 0:00:23]} Qb6 {[%emt 0:00:30]} 5. O-O {[%emt 0:01:31]} Nc6 {[%emt 0:00:34]} 6. c3 {[%emt 0:01:30]} cxd4 {[%emt 0:01:51]} 7. cxd4 {[%emt 0:00:42]} Nge7 {[%emt 0:00:29]} 8. Nc3 {[%emt 0:00:38]} Nf5 {[%emt 0:00:25]} 9. e3 {[%emt 0:00:26]} Be7 {[%emt 0:00:51]} 10. h3 {[%emt 0:02:15]} O-O {[%emt 0:00:28]} 11. g4 {[%emt 0:00:23]} Nh4 {[%emt 0:03:09]} 12. Nxh4 {[%emt 0:00:37]} Bxh4 {[%emt 0:00:24]} 13. f4 {[%emt 0:01:52]} Be7 {[%emt 0:01:26]} 14. Qe1 {[%emt 0:03:00]} Qd8 {[%emt 0:03:20]} 15. Bd2 {[%emt 0:01:04]} b6 {[%emt 0:00:49]} 16. g5 {[%emt 0:02:26]} f6 {[%emt 0:00:43]} 17. h4 {[%emt 0:00:43]} fxg5 {[%emt 0:01:07]} 18. hxg5 {[%emt 0:00:28]} Qe8 {[%emt 0:00:37]} 19. Qg3 {[%emt 0:02:45]} Qg6 {[%emt 0:03:55]} 20. Qh2 {[%emt 0:03:14]} Bb7 {[%emt 0:02:02]} 21. Rad1 {[%emt 0:01:59]} Bd6 {[%emt 0:01:28]} 22. Qh1 {[%emt 0:01:01]} Rad8 {[%emt 0:01:46]} 23. Bc1 {[%emt 0:01:31]} Ne7 {[%emt 0:00:54]} 24. Bf3 {[%emt 0:01:57]} Qe8 {[%emt 0:02:04]} 25. Rf2 {[%emt 0:01:38]} Qf7 {[%emt 0:03:00]} 26. Rh2 {[%emt 0:01:26]} Qf5 {[%emt 0:01:35]} 27. Qg2 {[%emt 0:01:24]} Bc7 {[%emt 0:00:50]} 28. Bg4 {[%emt 0:00:52]} Qf7 {[%emt 0:00:31]} 29. Qh3 {[%emt 0:00:24]} g6 {[%emt 0:00:28]} 30. Bxe6 {[%emt 0:00:22]} Bd6 {[%emt 0:01:22]} 31. Qxh7# {[%emt 0:00:28]} 1-0

[Event "Balkan Youth Online-ch 2020"]
[Site "Online"]
[Date "2020.10.31"]
[Round "2.64"]
[White "Tirpan, Ceren"]
[Black "Pandelescu, Maria-Catalina"]
[Result "1-0"]
[WhiteElo "1379"]
[BlackElo "1242"]
[Annotator "NA RC"]
[PlyCount "141"]
[EventDate "2020.10.31"]
[EventType "swiss"]
[SourceTitle "playchess.com"]
[Source "ChessBase"]
[SourceQuality "1"]
[TimeControl "5400+30"]

1. e4 {[%emt 1:05:20]} c5 {[%emt 1:05:27]} 2. Nf3 {[%emt 0:00:23]} Nc6 {[%emt 0:00:33]} 3. d4 {[%emt 0:00:24]} cxd4 {[%emt 0:00:23]} 4. Nxd4 {[%emt 0:00:21]} g6 {[%emt 0:00:32]} 5. Nxc6 {[%emt 0:00:22]} bxc6 {[%emt 0:00:25]} 6. Bd3 {[%emt 0:00:40]} Bg7 {[%emt 0:00:27]} 7. O-O {[%emt 0:00:24]} Nf6 {[%emt 0:00:30]} 8. Nc3 {[%emt 0:00:23]} O-O {[%emt 0:00:39]} 9. Be3 {[%emt 0:00:53]} d6 {[%emt 0:00:49]} 10. h3 {[%emt 0:00:25]} c5 {[%emt 0:00:37]} 11. e5 {[%emt 0:01:19]} Nd7 {[%emt 0:01:00]} 12. exd6 {[%emt 0:01:25]} exd6 {[%emt 0:00:51]} 13. Rb1 {[%emt 0:00:25]} Bb7 {[%emt 0:00:59]} 14. Be4 {[%emt 0:00:59]} Rb8 {[%emt 0:01:52]} 15. Bxb7 {[%emt 0:00:38]} Rxb7 {[%emt 0:00:25]} 16. Qxd6 {[%emt 0:00:23]} Qc8 {[%emt 0:01:33]} 17. Rfd1 {[%emt 0:00:35]} c4 {[%emt 0:02:50]} 18. Nd5 {[%emt 0:00:37]} Qd8 {[%emt 0:01:44]} 19. Ne7+ {[%emt 0:00:29]} Kh8 {[%emt 0:00:27]} 20. Nc6 {[%emt 0:00:36]} Qh4 {[%emt 0:01:22]} 21. c3 {[%emt 0:00:47]} Qe4 {[%emt 0:01:01]} 22. Bd4 {[%emt 0:01:05]} f6 {[%emt 0:00:51]} 23. Na5 {[%emt 0:01:10]} Rb5 {[%emt 0:01:17]} 24. Nxc4 {[%emt 0:01:05]} Rd5 {[%emt 0:00:51]} 25. Qg3 {[%emt 0:00:35]} Rg5 {[%emt 0:00:48]} 26. Nd2 {[%emt 0:01:12]} Qd5 {[%emt 0:01:28]} 27. Qf3 {[%emt 0:00:32]} Qxa2 {[%emt 0:00:37]} 28. Qb7 {[%emt 0:00:33]} Qe6 {[%emt 0:00:43]} 29. Nf3 {[%emt 0:00:49]} Rh5 {[%emt 0:01:16]} 30. Bxa7 {[%emt 0:00:36]} Rf7 {[%emt 0:00:58]} 31. Qc8+ {[%emt 0:00:59]} Bf8 {[%emt 0:00:49]} 32. Re1 {[%emt 0:00:41]} Qd6 {[%emt 0:01:06]} 33. Rbd1 {[%emt 0:00:28]} Rd5 {[%emt 0:00:43]} 34. Bd4 {[%emt 0:00:48]} Kg7 {[%emt 0:00:59]} 35. c4 {[%emt 0:00:33]} Rf5 {[%emt 0:01:26]} 36. Bxf6+ {[%emt 0:00:56]} Qxf6 {[%emt 0:00:35]} 37. Rxd7 {[%emt 0:00:23]} Kh6 {[%emt 0:02:30]} 38. Rxf7 {[%emt 0:00:32]} Qxf7 {[%emt 0:00:25]} 39. Qe6 {[%emt 0:00:23]} Qc7 {[%emt 0:01:01]} 40. b3 {[%emt 0:00:41]} Bb4 {[%emt 0:00:55]} 41. Re5 {[%emt 0:00:39]} Rf7 {[%emt 0:01:09]} 42. Re4 {[%emt 0:01:03]} Re7 {[%emt 0:00:47]} 43. Qg4 {[%emt 0:00:25]} Rxe4 {[%emt 0:01:00]} 44. Qxe4 {[%emt 0:00:23]} Qd7 {[%emt 0:00:39]} 45. Qe3+ {[%emt 0:00:40]} Kg7 {[%emt 0:00:36]} 46. Qd4+ {[%emt 0:00:23]} Qxd4 {[%emt 0:00:23]} 47. Nxd4 {[%emt 0:00:22]} Kf6 {[%emt 0:00:28]} 48. Nc2 {[%emt 0:00:25]} Bc5 {[%emt 0:00:26]} 49. b4 {[%emt 0:00:22]} Ba7 {[%emt 0:00:35]} 50. Kf1 {[%emt 0:00:27]} Ke5 {[%emt 0:00:22]} 51. Ke2 {[%emt 0:00:22]} Kd6 {[%emt 0:00:23]} 52. f4 {[%emt 0:00:24]} Bb8 {[%emt 0:00:29]} 53. Kd3 {[%emt 0:00:23]} Kc6 {[%emt 0:00:24]} 54. Ke4 {[%emt 0:00:21]} h6 {[%emt 0:00:28]} 55. g4 {[%emt 0:00:22]} Bd6 {[%emt 0:00:37]} 56. f5 {[%emt 0:00:24]} gxf5+ {[%emt 0:00:23]} 57. gxf5 {[%emt 0:00:25]} Be7 {[%emt 0:00:23]} 58. Ke5 {[%emt 0:00:22]} Bd6+ {[%emt 0:00:22]} 59. Ke6 {[%emt 0:00:22]} Bf4 {[%emt 0:00:35]} 60. f6 {[%emt 0:00:22]} h5 {[%emt 0:00:25]} 61. f7 {[%emt 0:00:23]} Bh6 {[%emt 0:00:23]} 62. Nd4+ {[%emt 0:00:23]} Kb6 {[%emt 0:00:35]} 63. Ke7 {[%emt 0:00:29]} Be3 {[%emt 0:00:25]} 64. f8=Q {[%emt 0:00:25]} Bxd4 {[%emt 0:00:23]} 65. Qb8+ {[%emt 0:00:22]} Kc6 {[%emt 0:00:23]} 66. Qd6+ {[%emt 0:00:27]} Kb7 {[%emt 0:00:23]} 67. Qxd4 {[%emt 0:00:21]} Ka8 {[%emt 0:00:21]} 68. Kd7 {[%emt 0:00:26]} h4 {[%emt 0:00:22]} 69. Kc6 {[%emt 0:00:29]} Kb8 {[%emt 0:00:23]} 70. Qd7 {[%emt 0:00:21]} Ka8 {[%emt 0:00:23]} 71. Qb7# {[%emt 0:00:22]} 1-0